<?xml version="1.0" encoding="UTF-8"?><marc:collection xmlns:marc="http://www.loc.gov/MARC21/slim">
  <marc:record>
    <marc:leader>00000nem  2200000za 4500</marc:leader>
    <marc:controlfield tag="001">9.853138</marc:controlfield>
    <marc:controlfield tag="003">CaOODSP</marc:controlfield>
    <marc:controlfield tag="005">20250919095225</marc:controlfield>
    <marc:controlfield tag="006">m    go  c f      </marc:controlfield>
    <marc:controlfield tag="007">cr |||||||||||</marc:controlfield>
    <marc:controlfield tag="008">180308s2018    onc    cc a  fo 1   fre d</marc:controlfield>
    <marc:datafield tag="034" ind1="1" ind2=" ">
      <marc:subfield code="a">a</marc:subfield>
      <marc:subfield code="b">6000000</marc:subfield>
      <marc:subfield code="d">W1410000</marc:subfield>
      <marc:subfield code="e">W0500000</marc:subfield>
      <marc:subfield code="f">N0900000</marc:subfield>
      <marc:subfield code="g">N0417500</marc:subfield>
    </marc:datafield>
    <marc:datafield tag="040" ind1=" " ind2=" ">
      <marc:subfield code="a">CaOODSP</marc:subfield>
      <marc:subfield code="b">fre</marc:subfield>
    </marc:datafield>
    <marc:datafield tag="041" ind1=" " ind2=" ">
      <marc:subfield code="a">fre</marc:subfield>
      <marc:subfield code="b">eng</marc:subfield>
    </marc:datafield>
    <marc:datafield tag="043" ind1=" " ind2=" ">
      <marc:subfield code="a">n-cn---</marc:subfield>
    </marc:datafield>
    <marc:datafield tag="086" ind1="1" ind2=" ">
      <marc:subfield code="a">M48-900A/2017F-PDF</marc:subfield>
    </marc:datafield>
    <marc:datafield tag="245" ind1="0" ind2="0">
      <marc:subfield code="a">Principales régions minières, principales mines productrices et principaux champs de pétrole et de gaz du Canada </marc:subfield>
      <marc:subfield code="h">[ressource électronique] / </marc:subfield>
      <marc:subfield code="c">Secteur des terres et des minéraux et Office national de l'énergie = Principal mineral areas, producing mines, and oil and gas fields in Canada / Lands and Minerals Sector and National Energy Board.</marc:subfield>
    </marc:datafield>
    <marc:datafield tag="250" ind1=" " ind2=" ">
      <marc:subfield code="a">67e éd., 2017.</marc:subfield>
    </marc:datafield>
    <marc:datafield tag="255" ind1=" " ind2=" ">
      <marc:subfield code="a">Scale 1:6,000,000 ; </marc:subfield>
      <marc:subfield code="b">Proj. conique conforme de Lambert </marc:subfield>
      <marc:subfield code="c">(W 141°00’--W 50°00'/N 90°00'--N 41°75’).</marc:subfield>
    </marc:datafield>
    <marc:datafield tag="260" ind1=" " ind2=" ">
      <marc:subfield code="a">[Ottawa] : </marc:subfield>
      <marc:subfield code="b">Ressources naturelles Canada, </marc:subfield>
      <marc:subfield code="c">c2018.</marc:subfield>
    </marc:datafield>
    <marc:datafield tag="300" ind1=" " ind2=" ">
      <marc:subfield code="a">1 carte en coul.</marc:subfield>
    </marc:datafield>
    <marc:datafield tag="490" ind1="1" ind2=" ">
      <marc:subfield code="a">[Commission géologique du Canada, carte série "A"] ; </marc:subfield>
      <marc:subfield code="v">900A</marc:subfield>
    </marc:datafield>
    <marc:datafield tag="500" ind1=" " ind2=" ">
      <marc:subfield code="a">Publ. aussi en anglais sous le titre : Principal mineral areas, producing mines, and oil and gas fields in Canada = Principales régions minières, principales mines productrices et principaux champs de pétrole et de gaz du Canada.</marc:subfield>
    </marc:datafield>
    <marc:datafield tag="500" ind1=" " ind2=" ">
      <marc:subfield code="a">Comprend le texte, les graphiques et les croquis cartographiques.</marc:subfield>
    </marc:datafield>
    <marc:datafield tag="500" ind1=" " ind2=" ">
      <marc:subfield code="a">Comprend les indices.</marc:subfield>
    </marc:datafield>
    <marc:datafield tag="500" ind1=" " ind2=" ">
      <marc:subfield code="a">Cet avis ne comprend que la carte en format PDF, l'ensemble complet de données contenant tous les fichiers en divers formats peut être téléchargé gratuitement à http://geoscan.nrcan.gc.ca/</marc:subfield>
    </marc:datafield>
    <marc:datafield tag="520" ind1=" " ind2=" ">
      <marc:subfield code="a">« Cette carte, publiée annuellement par Ressources naturelles Canada, contient des statistiques sur la production de minéraux du Canada et montre l'emplacement des principaux champs de gaz, mines de minéraux métalliques, non métalliques et industriels et mines de sables bitumineux dans les provinces et territoires. Elle recense aussi les oléoducs et gazoducs existants et proposés. L'index répertorie les mines, leur type, leur emplacement, leur propriétaire et les principaux minéraux et métaux produits. Les propriétaires ne figurent pas à l'index des champs de pétrole et de gaz par manque d'espace. Trois cartes intercalaires montrent l'emplacement de certaines activités métallurgiques ainsi que des ouvertures et des fermetures de mines actuelles et prévues. Plusieurs tableaux et graphiques sur la carte contiennent des statistiques sur la production de minéraux » -- Sommaire fourni par l'éditeur.</marc:subfield>
    </marc:datafield>
    <marc:datafield tag="546" ind1=" " ind2=" ">
      <marc:subfield code="a">Comprend d'un titre parallèle et du texte prélim. en anglais.</marc:subfield>
    </marc:datafield>
    <marc:datafield tag="692" ind1="0" ind2="7">
      <marc:subfield code="2">gccst</marc:subfield>
      <marc:subfield code="a">Industrie gazière</marc:subfield>
    </marc:datafield>
    <marc:datafield tag="692" ind1="0" ind2="7">
      <marc:subfield code="2">gccst</marc:subfield>
      <marc:subfield code="a">Industrie minière</marc:subfield>
    </marc:datafield>
    <marc:datafield tag="692" ind1="0" ind2="7">
      <marc:subfield code="2">gccst</marc:subfield>
      <marc:subfield code="a">Industrie pétrolière</marc:subfield>
    </marc:datafield>
    <marc:datafield tag="692" ind1="0" ind2="7">
      <marc:subfield code="2">gccst</marc:subfield>
      <marc:subfield code="a">Carte géographique</marc:subfield>
    </marc:datafield>
    <marc:datafield tag="710" ind1="1" ind2=" ">
      <marc:subfield code="a">Canada. </marc:subfield>
      <marc:subfield code="b">Ressources naturelles Canada.</marc:subfield>
    </marc:datafield>
    <marc:datafield tag="710" ind1="1" ind2=" ">
      <marc:subfield code="a">Canada. </marc:subfield>
      <marc:subfield code="b">Office national de l'énergie.</marc:subfield>
    </marc:datafield>
    <marc:datafield tag="710" ind1="2" ind2=" ">
      <marc:subfield code="a">Commission géologique du Canada.</marc:subfield>
    </marc:datafield>
    <marc:datafield tag="775" ind1="0" ind2="8">
      <marc:subfield code="t">Principal mineral areas, producing mines, and oil and gas fields in Canada </marc:subfield>
      <marc:subfield code="w">(CaOODSP)9.853130</marc:subfield>
    </marc:datafield>
    <marc:datafield tag="794" ind1=" " ind2=" ">
      <marc:subfield code="t">Principales régions minières, principales mines productrices et principaux champs de pétrole et de gaz du Canada = </marc:subfield>
      <marc:subfield code="b">Soixante-huitième édition, 2018</marc:subfield>
      <marc:subfield code="w">(CaOODSP)9.870048</marc:subfield>
    </marc:datafield>
    <marc:datafield tag="795" ind1=" " ind2=" ">
      <marc:subfield code="t">Principales régions minières, principales mines productrices et principaux champs de pétrole et de gaz du Canada </marc:subfield>
      <marc:subfield code="b">66e éd., 2016</marc:subfield>
      <marc:subfield code="w">(CaOODSP)9.837797</marc:subfield>
    </marc:datafield>
    <marc:datafield tag="830" ind1="#" ind2="0">
      <marc:subfield code="a">Commission géologique du Canada, carte série "A" ;</marc:subfield>
      <marc:subfield code="v">900A.</marc:subfield>
      <marc:subfield code="w">(CaOODSP)9.816596</marc:subfield>
    </marc:datafield>
    <marc:datafield tag="856" ind1="4" ind2="0">
      <marc:subfield code="q">PDF</marc:subfield>
      <marc:subfield code="s">13.39 Mo</marc:subfield>
      <marc:subfield code="u">https://publications.gc.ca/collections/collection_2018/rncan-nrcan/M48-900A-2017-fra.pdf</marc:subfield>
    </marc:datafield>
  </marc:record>
</marc:collection>
